000 00318nam a2200133 i 4500
001 bg
100 1 _aTESTARD, Raymond
245 0 _aNotions de geodesie :
_btriangulation /
_cRaymond Testard.
260 _aParis,
_c1973.
040 _cBPK
041 _apol
942 _cKS
008 s pl f |000 0 pol
999 _c27309
_d27309
856 _uhttp://koha.tu.koszalin.pl/cgi-bin/koha/opac-detail.pl?biblionumber=27309
_yKatalog online BPK